NBA 65+ Win Team Starters - Statistics

General Stats
  • This quiz has been taken 443 times
    139 since last reset
  • The average score is 57 of 88
Answer Stats
Answer % Correct
LeBron James
99%
Stephen Curry
99%
A.C. Green
98%
Danny Green
98%
Draymond Green
98%
Klay Thompson
98%
Shai Gilgeous-Alexander
98%
Kobe Bryant
97%
Dwyane Wade
96%
James Harden
96%
Kevin Durant
96%
Michael Jordan
96%
Tim Duncan
96%
Dirk Nowitzki
95%
Kevin Garnett
95%
Shaquille O'Neal
95%
Chris Bosh
94%
Larry Bird
94%
Jalen Williams
92%
Mo Williams
92%
Scottie Pippen
92%
Magic Johnson
91%
Paul Pierce
90%
Dennis Rodman
89%
Kawhi Leonard
89%
Ray Allen
89%
Kareem Abdul-Jabbar
88%
Chet Holmgren
87%
Julius Erving
87%
Tony Parker
87%
Delonte West
85%
Jerry West
85%
Luguentz Dort
83%
Pau Gasol
83%
Chris Paul
82%
Wilt Chamberlain
82%
Rajon Rondo
81%
Dennis Johnson
80%
Kevin McHale
78%
Isaiah Hartenstein
75%
Robert Parish
73%
Derek Fisher
72%
James Worthy
72%
John Havlicek
70%
Clint Capela
68%
Mario Chalmers
67%
Moses Malone
67%
Oscar Robertson
67%
Zaza Pachulia
64%
Zydrunas Ilgauskas
64%
Harrison Barnes
63%
Horace Grant
62%
Kendrick Perkins
61%
Andrew Bogut
60%
Ron Harper
57%
Andrew Bynum
55%
Jason Terry
54%
Jo Jo White
53%
P.J. Tucker
53%
Trevor Ariza
53%
Bill Cartwright
51%
Wali Jones
51%
Luc Longley
48%
John Paxson
47%
LaMarcus Aldridge
47%
Udonis Haslem
46%
Dave Cowens
45%
Josh Howard
44%
Gail Goodrich
39%
Byron Scott
35%
Hal Greer
35%
Maurice Cheeks
35%
Greg Smith
33%
Danny Ainge
31%
Glen Rice
29%
Anderson Varejao
27%
Billy Cunningham
25%
Devin Harris
25%
Bob Dandridge
22%
Chet Walker
20%
Andrew Toney
18%
Jon McGlocklin
13%
Paul Silas
13%
Happy Hairston
12%
Erick Dampier
10%
Marc Iavaroni
10%
Jim McMillian
9%
Don Chaney
5%
No matching quizzes found
Score Distribution
Percent of People with Each Score
Percentile by Number Answered
Your Score History
You have not taken this quiz since the last reset